Heat and Thermodynamics 7th Edition (Record no. 314155)
[ view plain ]
| 000 -LEADER | |
|---|---|
| fixed length control field | 00339 a2200133 4500 |
| 001 - CONTROL NUMBER | |
| control field | 79082 |
| 082 ## - DEWEY DECIMAL CLASSIFICATION NUMBER | |
| Classification number | 421.4021 ZEM |
| 100 ## - MAIN ENTRY--PERSONAL NAME | |
| Personal name | Zemansky, Mark |
| 245 ## - TITLE STATEMENT | |
| Title | Heat and Thermodynamics 7th Edition |
| Medium | English |
| 260 ## - PUBLICATION, DISTRIBUTION, ETC. | |
| Place of publication, distribution, etc. | India |
| Name of publisher, distributor, etc. | Tata Mcgraw Hill India |
| 300 ## - PHYSICAL DESCRIPTION | |
| Extent | xx 386p |
| 500 ## - GENERAL NOTE | |
| General note | DOS BS Reference Books |
| 505 ## - FORMATTED CONTENTS NOTE | |
| Formatted contents note | AHQ Books |
| 942 ## - ADDED ENTRY ELEMENTS (KOHA) | |
| Institution code [OBSOLETE] | CAE NUST |
| Call number prefix | 621.4021 ZEM |
| Withdrawn status | Lost status | Damaged status | Not for loan | Collection code | Permanent Location | Current Location | Date acquired | Total Checkouts | Full call number | Barcode | Date last seen | Price effective from | Koha item type |
|---|---|---|---|---|---|---|---|---|---|---|---|---|---|
| College of Aeronautical Engineering (CAE) | College of Aeronautical Engineering (CAE) | 04/03/2017 | 621.4021 ZEM | CAE82181 | 04/05/2017 | 04/05/2017 | Book |
